Exposición de la isla de Pascua

Guardat en:
Dades bibliogràfiques
Autor principal: Fuenzalida Villegas, Humberto (Autor)
Autor corporatiu: Museo Nacional de Historia Natural (Autor)
Altres autors: Mostny, Grete (autora)
Format: Llibre
Idioma:espanyol
Publicat: Santiago Escuela Nacional de Artes Gráficas 1946
Edició:1a. ed
Matèries:
Etiquetes: Afegir etiqueta
Sense etiquetes, Sigues el primer a etiquetar aquest registre!

MARC

LEADER 00000nam a2200000 a 4500
001 UCJ7333
003 CL-VaPUC
008 070124e19460625CL |||||||||||||||||spa|d
082 0 4 |a 918.3  |b FUE  |2 21 
100 0 |a Fuenzalida Villegas, Humberto  |e author  |9 515652 
700 |a Mostny, Grete  |e autora  |9 494000 
110 2 |a Museo Nacional de Historia Natural  |e author  |9 515653 
245 1 0 |a Exposición de la isla de Pascua 
250 |a 1a. ed 
300 |a 18 p 
942 |c BK 
945 |d 20070124 00:00:00  |a rinostro 
260 |a Santiago  |b Escuela Nacional de Artes Gráficas  |c 1946 
500 |a Ilustraciones sin indizar 
650 0 |a Arqueología   |9 265619 
650 7 |a FLORA  |2 CL-VaPUC  |9 264745 
650 7 |a FAUNA  |2 CL-VaPUC  |9 349523 
650 0 |a Paleografía   |9 264942 
650 0 |a Ilustraciones  |9 369481 
650 0 |a Mapas  |9 260844 
651 0 |a Isla de Pascua  |9 261357 
583 |a last modification  |c 20070124 00:00:00  |k Rodrigo Vera 
999 |c 323426  |d 323424 
952 |0 0  |1 0  |4 0  |6 918_300000000000000_FUE_1946  |7 0  |8 X  |9 403002  |a FDOBUD  |b FDOBUD  |d 2019-11-22  |i 1061860  |o 918.3 FUE 1946  |p 1061860  |r 2019-11-22  |w 2019-11-22  |y BK_X  |k BUD